00683nam a2200241 a 4500001001300000003000900013005001700022008004100039020001100080082001400091100002400105245003000129260003600159300000900195500003500204505001000239650002500249700002400274902000800298942000700306952011300313999001500426nice12345678IN_TiNIC20260116012650.0050524s1977 lona grp 000 0 eng  ac89.700a291bPAR1 aParrinder, Geoffrey aWorld`s Living Religions. aLondonbCox and Wyman Ltdc1977 a201p aincludes index and biblioraphy2 aIndex aComparative Religion1 aParrinder, Geoffrey bSRS cBK 001040708StackRoom-aHMIbHMId2009-09-02g89.70l0o291 PAR1p010447r2009-09-02v89.70w2005-05-24yBK c7864d7864